1132 1599 1420 1714 1166 1814 1336 1624 1200 1377 1961 1060 1256 1662 1676 1129 1136 1116 1206 1526 1347 1436 1325 1327 1305 1337 1316 1534 1802 1768 1965 1284 1626 1658 1231 1204 1523 1261 1700 1374 1292 1271 1108 1179 1002 1387 1844 1067 1072 1301 1909 1882 1145 1280 1731 1850 1365 1630 1927 1384 1755 1895 1442 1068 1687 1818 1875 1027 1842 1866 1962 1594 1837 1801 1032 1692 1955 1386 1548 1912 1825 1830 1428 1720 1164 1842 1301 1452 1659 1902 1437 1479 1179 1790 1320 1962 1430 1844 1648 BCNSPRNW ULIB Ver.6.0+V

เปลี่ยนเป็นภาษาไทย

Change to English
 แสดงรายละเอียดบรรณานุกรม
  กลับหน้าหลัก

Brief Record : Get Marc (ISO 2709) : E-mail record : QR code < ปิดหน้าต่าง
LEADER : 00000nam 2200000uu 4500
001    13399108849
003     ULIB
008    110315s2552||||th 000 0 tha d
020    9786161101275(ล.2)
060 04 W225.JT3^bส691ค ล.2 2552
245 00 คู่มือบริหารงบกองทุนหลักประกันสุขภาพแห่งชาติ เล่ม 2 :^pการบริหารงบบริการสุขภาพผู้ติดเชื้อ HIV และผู้ป่วยเอดส์ /^cสำนักงานหลักประกันสุขภาพแห่งชาติ
246 30 การบริหารงบบริการสุขภาพผู้ติดเชื้อ HIV และผู้ป่วยเอดส์
250    พิมพ์ครั้งที่ 1
260    กรุงเทพฯ :^bสำนักงาน,^c2552
300    140 หน้า ;^c30 ซม.
650  7 บริการสุขภาพ^xค่าใช้จ่าย^vคู่มือ
650  7 ประกันสุขภาพ^vคู่มือ
650  7 กองทุนสุขภาพ^vคู่มือ
650  7 ผู้ติดเชื้อเอชไอวี^xบริการส่งเสริมสุขภาพ
650  7 ผู้ป่วยเอดส์^xบริการส่งเสริมสุขภาพ
650  7 โครงการหลักประกันสุขภาพถ้วนหน้า
653    หลักประกันสุขภาพแห่งชาติ
710 2  สำนักงานหลักประกันสุขภาพแห่งชาติ
945    ^p0^l0^i026615
945    ^p0^l0^i026616
995     ทศพร
999 ^a ใช้งานได้ทุกระบบ
รายการนี้ยังไม่มีแท็ก
คุณยังไม่ได้ล็อกอิน คุณสามารถมีกิจกรรมร่วมกับเว็บไซต์ได้ แต่ต้องล็อกอินก่อน ::
  ล็อกอิน

รายการสื่อสารสนเทศ

ลำดับที่ ประเภท เลขเรียก/บาร์โค้ด สถานที่ สถานะ
- ไม่พบข้อมูล -

รายการใกล้เคียง
    หัวเรื่อง [โครงการหลักประกันสุขภาพถ้วนหน้า]

BibComment


ยังไม่เคยถูกคอมเมนท์

คอมเมนท์ทรัพยากรรายการนี้
  คอมเมนท์: คู่มือบริหารงบกอง..


 Copyright 2026. Bcnsprnw @Library